Trading Places: Literature Quiz Stats

 Plays Quiz Updated May 10, 2013

Challenge
Share
Tweet
Score 0/21 Timer 03:00
2 Plays Today
% Correct
Harry Potter and the Centre of the Earth
96.5%
Alice's Adventures in Alice
96.4%
The Hunchback of the Sea
96.2%
Little House on the Western Front
96%
The Five People You Meet in the Galaxy
94.3%
A Tale of Cancer
93.5%
The Wizard of Brooklyn
92.8%
The Count of Memphis
90.5%
Anne of Berlin
90%
The Legend of the Willows
89%
The Merchant of Havana
84.9%
% Correct
There's a Wocket in the Cupboard
80.6%
East of There
78.7%
A Passage to Pakistan
78.3%
I Am Terabithia (And So Can You!)
77.1%
The Bridges of Atlantis
76%
Timon of Canterbury
67.3%
Bury My Heart at Pompeii
65.8%
The Mayor of Mars
55.3%
The Devil in the Attic
53.1%
A Walk in Styles
49.3%

You're not logged in!

Compare scores with friends on all Sporcle quizzes.
OR
Log In

You Might Also Like...

Show Comments

Extras

Top Quizzes Today


Score Distribution

Your Account Isn't Verified!

In order to create a playlist on Sporcle, you need to verify the email address you used during registration. Go to your Sporcle Settings to finish the process.

Report this User

Report this user for behavior that violates our Community Guidelines.

Details: